01472nam a2200325 a 450000100100000000500170001000800410002702000180006804000250008608200250011110000270013624500850016325000110024826000480025930000270030749000250033450000760035950000730043559000280050865000280053665000310056470000440059570000350063983000310067491000370070595201350074295201230087795201290100099900170112900004480520240412074303.0150113s2014 pr a 000 p spa d a9789945581171 aDO-SdBNPbspacBNPHU aRD861.5bT853u, 20141 aTroncoso, Abril97282810aUanabí /cAbril Troncoso ; prólogo Juan Ysidro Núñez y Valentín Amaro. a2a ed. aSan Juan, Puerto Rico :bIsla Negra,c2014. a60 p. :bil. ;c22 cm.1 aJosemilio González aFinalista en el Premio Miriam Beras Porrata, Poeta Universitaria, 2012. aIncluye datos biográficos de la autora en la solapa de la cubierta aInventariado, 2019 / DG 0aPoesía dominicana966 0aLiteratura dominicana.96712aNúñez, Juan Ysidro,epról.97282912aAmaro, Valentín,eed.912295 0aJosemilio González96541 aValidado. Control de calidad MFF 001054708MOaGRbGRcHDd2015-01-13iLF1l0oRD861.5 T853u, 2014p44805-30r2020-06-25te. 3w2020-06-25y4ZPréstamo en sala 001050718MOaPDbPDcHDd2015-01-13iLF1l0oRD861.5 T853u, 2014p44805-10r2020-06-25w2020-06-25y1ZNo se presta 001050718MOaPDbPDcHDd2015-01-13iLF1l0oRD861.5 T853u, 2014p44805-20r2020-06-25te. 2w2020-06-25y1ZNo se presta c44294d44294